| 000 | 00758nam a2200229 a 4500 | ||
|---|---|---|---|
| 005 | 20210223133724.0 | ||
| 008 | 190118s2012 mx r 000 0 spa d | ||
| 020 | _a9786074384772 | ||
| 035 | _aUPN01000228476 | ||
| 049 | _aCG | ||
| 050 | 4 |
_aBF637 L4 _bS8.6 |
|
| 100 | 1 |
_aSugerman, Jeffrey _942484 |
|
| 245 | 1 | 4 |
_aLas 8 dimensiones del liderazgo : _bmodelo DiSC / _cJeffrey Sugerman, Mark Scullard, Emma Wilhelm ; tr. Susana Olivares Bari. |
| 260 |
_aMéxico : _bPatria, _c2012. |
||
| 300 |
_a267 p. : _bil., cuadros |
||
| 534 |
_pTítulo original: _tThe 8 dimensions of leadership |
||
| 650 | 4 |
_aLIDERAZGO - _xASPECTOS PSICOLOGICOS _9200 |
|
| 700 | 1 |
_aScullard, Mark, _ecoaut, |
|
| 700 | 1 |
_aWilhelm, Emma, _ecoaut. |
|
| 905 | _aLibro | ||
| 999 |
_c200571 _d200571 |
||